La justicia civil en el estado constitucional

Detalles Bibliográficos
Autor principal: Mitidiero, Daniel
Formato: eBook
Lenguaje:español
Publicado: Lima: Palestra Editores, 2016
Materias:
Acceso en línea:Acceso restringido

MARC

LEADER 00000nam a22000007a 4500
005 20190823231759.0
007 cr|||| ||||
008 190823s2016 pe |||||s|||| 00||0 spa d
020 |a 978-612-4218-50-7 
035 |a 24176 
040 |a vLex 
090 |c 9272  |d 9272 
100 1 |a Mitidiero, Daniel 
245 1 2 |a La justicia civil en el estado constitucional  |h [Recurso electrn̤ico] /  |c Daniel Mitidiero 
256 |a Servicio en ln̕ea 
260 |a Lima:  |b Palestra Editores,  |c 2016 
300 |a 1 recurso electrn̤ico 
506 1 |a Disponible solo en los productos indicados  |d vLex Global  |d vLex Global (Academic Edition, excluding Law Schools)  |d vLex Global (U.S. Academic Edition, Law Schools)  |d vLex Global (U.S. Academic Edition, excluding Law Schools)  |d vLex Global (Academic Edition, Law Schools) 
650 0 4 |a Derecho Constitucional  |z Per︢ 
740 0 |a vLex Libros (Servicio en ln̕ea) 
856 4 0 |u http://vlex.com/source/justicia-civil-estado-constitucional-24176  |z Acceso restringido 
942 |c BOOK 
999 0 |a Constitutional Law